[Event "Ricany op"]
[Site "Ricany"]
[Date "2023.08.31"]
[Round "7"]
[White "Rousek, Jan"]
[Black "Strnadova, Monika"]
[Result "1-0"]
[WhiteElo "2028"]
[BlackElo "1833"]
[PlyCount "49"]
[EventDate "2023.08.26"]
[EventType "swiss"]
[EventRounds "9"]
[EventCountry "CZE"]
[SourceTitle "EXT 2024"]
[Source "ChessBase"]
[SourceDate "2023.10.10"]
[SourceVersion "1"]
[SourceVersionDate "2023.10.10"]
[SourceQuality "1"]

1. d4 Nf6 2. c4 e5 3. dxe5 Ng4 4. e3 Nxe5 5. Nh3 Bb4+ 6. Bd2 Bxd2+ 7. Qxd2 0-0 8. Nf4 Nbc6 9. Be2 d6 10. 0-0 Bf5 11. Nc3 Ne7 12. Ncd5 Nxd5 13. Nxd5 Re8 14. Rae1 Rc8 15. f4 Nd7 16. g4 Be4 17. Nc3 Bc6 18. g5 Nc5 19. Bg4 Rb8 20. h4 Qe7 21. e4 Qd8 22. Qc2 b5 23. b4 Nd7 24. cxb5 Bxb5 25. Nxb5 1-0

[Event "Ricany op"]
[Site "Ricany"]
[Date "2023.08.30"]
[Round "6"]
[White "Meca, Viktor1111"]
[Black "Rousek, Jan"]
[Result "0-1"]
[WhiteElo "1421"]
[BlackElo "2028"]
[PlyCount "118"]
[EventDate "2023.08.26"]
[EventType "swiss"]
[EventRounds "9"]
[EventCountry "CZE"]
[SourceTitle "EXT 2024"]
[Source "ChessBase"]
[SourceDate "2023.10.10"]
[SourceVersion "1"]
[SourceVersionDate "2023.10.10"]
[SourceQuality "1"]

1. e4 c5 2. c3 d5 3. exd5 Qxd5 4. d4 Nf6 5. Nf3 e6 6. Na3 Nc6 7. Nb5 Qd8 8. Bf4 Nd5 9. Bg3 a6 10. Na3 cxd4 11. cxd4 Qa5+ 12. Nd2 Bxa3 13. bxa3 Nxd4 14. Bc4 0-0 15. 0-0 Nf5 16. Ne4 Nxg3 17. Nxg3 Qxa3 18. Bxd5 exd5 19. Qxd5 Rb8 20. Rfe1 Be6 21. Qg5 h6 22. Qe5 Qe7 23. f4 Qf6 24. Qxf6 gxf6 25. f5 Bc4 26. Re4 Bd3 27. Rg4+ Kh8 28. Rh4 Kh7 29. Rd1 Rfd8 30. Rd2 Rbc8 31. Nh5 Bxf5 32. Nxf6+ Kg6 33. Nd5 Be6 34. Nf4+ Kh7 35. Rxd8 Rxd8 36. Nxe6 fxe6 37. Rb4 Rd7 38. Rb2 b5 39. Kf2 Kg6 40. Ke3 Kf5 41. Rf2+ Ke5 42. Rc2 Kd5 43. Rd2+ Kc6 44. Rc2+ Kb6 45. g4 a5 46. h4 b4 47. g5 hxg5 48. hxg5 a4 49. Rb2 Kb5 50. Ke4 Rg7 51. Ke5 Rxg5+ 52. Kxe6 Kc4 53. Rc2+ Kd3 54. Rh2 Kc3 55. Rh3+ Kb2 56. Rh4 Rg3 57. Rh2+ Ka3 58. Kd5 b3 59. axb3 axb3 0-1

[Event "Ricany op"]
[Site "Ricany"]
[Date "2023.08.29"]
[Round "5"]
[White "Korniichuk, Oleksandra"]
[Black "Rousek, Jan"]
[Result "1-0"]
[WhiteElo "1869"]
[BlackElo "2028"]
[PlyCount "73"]
[EventDate "2023.08.26"]
[EventType "swiss"]
[EventRounds "9"]
[EventCountry "CZE"]
[SourceTitle "EXT 2024"]
[Source "ChessBase"]
[SourceDate "2023.10.10"]
[SourceVersion "1"]
[SourceVersionDate "2023.10.10"]
[SourceQuality "1"]

1. e4 c5 2. Be2 Nc6 3. f4 e6 4. Nf3 d5 5. d3 Bd6 6. 0-0 Nge7 7. c3 f6 8. Na3 0-0 9. Nc2 b6 10. g3 Bb7 11. Nh4 e5 12. f5 b5 13. Bf3 Na5 14. b3 c4 15. dxc4 dxe4 16. Bg2 Bc5+ 17. Kh1 Qxd1 18. Rxd1 Rfd8 19. Be3 Bxe3 20. Nxe3 Rd3 21. Rxd3 exd3 22. cxb5 Rd8 23. Rd1 d2 24. Bxb7 Nxb7 25. Nf1 e4 26. Rxd2 Rxd2 27. Nxd2 e3 28. Ndf3 Nd5 29. c4 Nb4 30. Ng2 Nxa2 31. Nxe3 Nc5 32. Nd4 Nb4 33. Nc6 Nbd3 34. b4 Nd7 35. c5 Kf7 36. Nd5 Ke8 37. Nxa7 1-0

[Event "CZE-chT2A 2223"]
[Site "Czech Republic"]
[Date "2022.11.06"]
[Round "2.6"]
[White "Rousek, Jan"]
[Black "Kopriva, Martin"]
[Result "0-1"]
[WhiteElo "2030"]
[BlackElo "2121"]
[PlyCount "124"]
[EventDate "2022.10.16"]
[EventType "team-tourn"]
[EventRounds "11"]
[EventCountry "CZE"]
[SourceTitle "EXT 2024"]
[Source "ChessBase"]
[SourceDate "2023.10.10"]
[SourceVersion "1"]
[SourceVersionDate "2023.10.10"]
[SourceQuality "1"]
[WhiteTeam "Unichess"]
[BlackTeam "Klatovy"]
[WhiteTeamCountry "CZE"]
[BlackTeamCountry "CZE"]

1. d4 g6 2. c4 Bg7 3. Nf3 d6 4. g3 Nf6 5. Bg2 0-0 6. 0-0 Nc6 7. Nc3 a6 8. d5 Na5 9. b3 Rb8 10. Nd4 Bd7 11. Qd3 c5 12. dxc6 bxc6 13. Bb2 Qc8 14. Rfd1 h5 15. Qd2 Nb7 16. Ne4 Nxe4 17. Bxe4 Nc5 18. Bg2 Kh7 19. h4 Qc7 20. Nf3 Ne6 21. Bxg7 Nxg7 22. e4 Bg4 23. Ng5+ Kg8 24. f3 Bc8 25. Qf4 c5 26. Qe3 Ne6 27. Nxe6 Bxe6 28. f4 Bg4 29. Rf1 e5 30. f5 Kg7 31. Qg5 Qd8 32. f6+ Kh7 33. Bf3 Qd7 34. Rad1 Rb6 35. Rf2 Re8 36. Kg2 Bxf3+ 37. Rxf3 Qg4 38. Qxg4 hxg4 39. Rf2 Re6 40. Rh1 Kh6 41. Kf1 a5 42. Ke2 a4 43. Rb1 axb3 44. axb3 Re8 45. Kd3 Ra8 46. Kc3 Raa6 47. Rh1 Ra3 48. Rb1 Rba6 49. Rd2 Ra2 50. Rbd1 Rxd2 51. Rxd2 g5 52. Rf2 gxh4 53. gxh4 Kh5 54. Kd3 g3 55. Rf1 Kg4 56. h5 g2 57. Rb1 Kf3 58. h6 Kf2 59. h7 Ra8 60. Rb2+ Kg3 61. Rb1 Kh2 62. Rb2 Kh1 0-1

[Event "Ricany op 20th"]
[Site "Ricany"]
[Date "2022.08.30"]
[Round "5"]
[White "Sedy, Pavel"]
[Black "Rousek, Jan"]
[Result "1/2-1/2"]
[WhiteElo "2177"]
[BlackElo "2040"]
[PlyCount "124"]
[EventDate "2022.08.27"]
[EventType "swiss"]
[EventRounds "9"]
[EventCountry "CZE"]
[SourceTitle "CBM 210 Extra"]
[Source "ChessBase"]
[SourceDate "2022.11.30"]
[SourceVersion "1"]
[SourceVersionDate "2022.11.30"]
[SourceQuality "1"]

1. f4 f5 2. b3 b6 3. Nf3 Nf6 4. Bb2 e6 5. e3 Bb7 6. Be2 g6 7. 0-0 Bg7 8. a4 a5 9. Qe1 0-0 10. Na3 Na6 11. Qh4 Ne4 12. Qxd8 Rfxd8 13. Bxg7 Kxg7 14. Nb5 c6 15. Nbd4 Nc7 16. Rfc1 c5 17. Nb5 Nxb5 18. Bxb5 d5 19. c3 Ba6 20. Bxa6 Rxa6 21. d3 Nf6 22. Ne5 Nd7 23. Nf3 Nf6 24. h3 Raa8 25. Rab1 Rd6 26. b4 c4 27. dxc4 dxc4 28. Ne5 axb4 29. Rxb4 Nd5 30. Rxc4 Nxe3 31. Rc7+ Kg8 32. Nc4 Nxc4 33. Rxc4 Rad8 34. Kh2 Kf7 35. Rb1 R8d7 36. Rcb4 Rc6 37. Rxb6 Rxc3 38. a5 Rcc7 39. a6 Ra7 40. Re1 Re7 41. Re5 Kf6 42. g4 fxg4 43. hxg4 h6 44. Kg3 g5 45. Re3 gxf4+ 46. Kxf4 Rac7 47. Kg3 Kg5 48. Re5+ Kf6 49. Rf5+ Kg6 50. Rfb5 Rc3+ 51. Kf4 Ra3 52. Ke5 Ra7 53. Rxe6+ Kg5 54. Ke4+ Kh4 55. Rxh6+ Kxg4 56. Rg6+ Kh4 57. Rbb6 Ra4+ 58. Kd5 Kh5 59. Kc5 Ra5+ 60. Kb4 Ra1 61. Rg2 R1xa6 62. Rc6 Rxc6 1/2-1/2

[Event "Ricany op 20th"]
[Site "Ricany"]
[Date "2022.08.27"]
[Round "1"]
[White "Rousek, Jan"]
[Black "Feierfeil, Jiri"]
[Result "1-0"]
[WhiteElo "2040"]
[BlackElo "1684"]
[PlyCount "77"]
[EventDate "2022.08.27"]
[EventType "swiss"]
[EventRounds "9"]
[EventCountry "CZE"]
[SourceTitle "CBM 210 Extra"]
[Source "ChessBase"]
[SourceDate "2022.11.30"]
[SourceVersion "1"]
[SourceVersionDate "2022.11.30"]
[SourceQuality "1"]

1. d4 Nf6 2. c4 g6 3. g3 Bg7 4. Bg2 d5 5. Nc3 c6 6. cxd5 cxd5 7. Nf3 0-0 8. 0-0 Nc6 9. Ne5 e6 10. Nxc6 bxc6 11. Bf4 Nd7 12. Na4 e5 13. dxe5 Bxe5 14. Bxe5 Nxe5 15. Rc1 Qd6 16. Qd4 Nd7 17. e4 Bb7 18. Rfd1 Rfc8 19. Nc5 Nxc5 20. Rxc5 a6 21. b4 Rd8 22. exd5 Rd7 23. dxc6 Qxd4 24. Rxd4 Rxd4 25. cxb7 Rb8 26. Rc8+ Rd8 27. Rxd8+ Rxd8 28. Bc6 Kf8 29. Bd7 Rb8 30. Bc8 Ke7 31. Kf1 Kd6 32. Ke2 Kc6 33. a4 Kb6 34. Kd3 a5 35. bxa5+ Kxa5 36. Kd4 Kxa4 37. Ke5 f5 38. Kf6 Kb5 39. Kg7 1-0

[Event "Prague op-A 20th"]
[Site "Prague"]
[Date "2022.01.07"]
[Round "1"]
[White "Macicek, Jakub"]
[Black "Rousek, Jan"]
[Result "0-1"]
[WhiteElo "2259"]
[BlackElo "1896"]
[PlyCount "134"]
[EventDate "2022.01.07"]
[EventType "swiss"]
[EventRounds "9"]
[EventCountry "CZE"]
[SourceTitle "CBM 206 Extra"]
[Source "ChessBase"]
[SourceDate "2022.03.31"]
[SourceVersion "1"]
[SourceVersionDate "2022.03.31"]
[SourceQuality "1"]

1. d4 Nf6 2. c4 g6 3. Nc3 d5 4. cxd5 Nxd5 5. Bd2 Bg7 6. e4 Nxc3 7. Bxc3 0-0 8. Nf3 c5 9. d5 e6 10. Bc4 Bxc3+ 11. bxc3 exd5 12. Bxd5 Qc7 13. Qd2 Kg7 14. h4 h5 15. Ng5 Nc6 16. 0-0 f6 17. Nf3 b6 18. e5 Ba6 19. exf6+ Rxf6 20. Rfd1 Rd8 21. Qe3 Rfd6 22. Ng5 Bc8 23. c4 Rf6 24. Re1 Rdf8 25. Re2 Qd6 26. Bxc6 Qxc6 27. Qe7+ R6f7 28. Nxf7 Rxf7 29. Qe5+ Qf6 30. Rae1 Qxe5 31. Rxe5 Kf6 32. f3 Rd7 33. Rd5 Rc7 34. Rd6+ Kf7 35. Kf2 Bd7 36. Re5 Bf5 37. Ke3 Bb1 38. a3 Ba2 39. Kd3 Bb1+ 40. Kc3 Bf5 41. a4 Rb7 42. a5 Bc8 43. Rg5 Be6 44. a6 Rc7 45. g4 hxg4 46. fxg4 Kf6 47. Rd8 Rh7 48. Rf8+ Kg7 49. Re8 Kf7 50. Rxe6 Kxe6 51. Rxg6+ Ke5 52. h5 Rf7 53. h6 Rf3+ 54. Kd2 Rh3 55. g5 Kd4 56. Rd6+ Kxc4 57. Rxb6 axb6 58. a7 Rd3+ 59. Kc2 Rd8 60. g6 b5 61. g7 b4 62. h7 b3+ 63. Kb2 Rd2+ 64. Kc1 Kc3 65. h8Q b2+ 66. Kb1 Rd1+ 67. Ka2 Ra1# 0-1

[Event "CZE-ch Betsys Online Blitz"]
[Site "Chess.com INT"]
[Date "2021.04.17"]
[Round "1"]
[White "Kozusek, Daniel"]
[Black "Rousek, Jan"]
[Result "1-0"]
[WhiteElo "2327"]
[BlackElo "1697"]
[PlyCount "63"]
[EventDate "2021.04.17"]
[EventType "swiss (blitz)"]
[EventRounds "13"]
[EventCountry "CZE"]
[SourceTitle "CBM 201 Extra"]
[Source "ChessBase"]
[SourceDate "2021.05.31"]
[SourceVersion "1"]
[SourceVersionDate "2021.05.31"]
[SourceQuality "1"]

1. d4 d5 2. Nf3 Nc6 3. Bf4 Nf6 4. e3 e6 5. c4 Bd6 6. Bg3 Ne4 7. Nc3 Nxg3 8. hxg3 Bb4 9. Qc2 h6 10. a3 Bxc3+ 11. Qxc3 dxc4 12. Bxc4 Bd7 13. 0-0-0 Qe7 14. d5 exd5 15. Bxd5 0-0-0 16. Qxg7 Bf5 17. Qc3 Rhe8 18. Bxc6 bxc6 19. Nd4 Be4 20. f3 Bd5 21. e4 Bxe4 22. fxe4 Qxe4 23. Nxc6 Rxd1+ 24. Rxd1 Qe2 25. Qc2 Qe3+ 26. Kb1 Qe6 27. Nxa7+ Kb7 28. Nb5 Ra8 29. Qxc7+ Ka6 30. Rd6+ Kxb5 31. Rxe6 fxe6 32. Qb7+ 1-0

[Event "CZE-ch Betsys Online Blitz"]
[Site "Chess.com INT"]
[Date "2021.04.17"]
[Round "13"]
[White "Rousek, Jan"]
[Black "Kicmer, Petr"]
[Result "1/2-1/2"]
[WhiteElo "1697"]
[BlackElo "2187"]
[PlyCount "67"]
[EventDate "2021.04.17"]
[EventType "swiss (blitz)"]
[EventRounds "13"]
[EventCountry "CZE"]
[SourceTitle "CBM 201 Extra"]
[Source "ChessBase"]
[SourceDate "2021.05.31"]
[SourceVersion "1"]
[SourceVersionDate "2021.05.31"]
[SourceQuality "1"]

1. d4 Nf6 2. c4 e5 3. dxe5 Ng4 4. Nf3 Nc6 5. Nc3 Bb4 6. Bd2 Ngxe5 7. Nxe5 Nxe5 8. e3 0-0 9. a3 Bxc3 10. Bxc3 Re8 11. Bxe5 Rxe5 12. g3 d5 13. Bg2 Be6 14. cxd5 Bxd5 15. Bxd5 Rxd5 16. Qe2 Qd7 17. Rd1 Re8 18. 0-0 Rd8 19. Rxd5 Qxd5 20. Rc1 c6 21. Qc4 Qxc4 22. Rxc4 Rd2 23. Rb4 b5 24. Kf1 Kf8 25. Ke1 Rc2 26. Rb3 Ke7 27. Rc3 Rxb2 28. Rxc6 Ra2 29. Ra6 b4 30. Rxa7+ Ke6 31. Ra6+ Ke7 32. Ra7+ Ke6 33. Ra6+ Ke7 34. Ra7+ 1/2-1/2

[Event "CZE-ch Betsys Online Blitz"]
[Site "Chess.com INT"]
[Date "2021.04.17"]
[Round "5"]
[White "Rousek, Jan"]
[Black "Konecny, Jakub"]
[Result "1-0"]
[WhiteElo "1697"]
[BlackElo "1306"]
[PlyCount "107"]
[EventDate "2021.04.17"]
[EventType "swiss (blitz)"]
[EventRounds "13"]
[EventCountry "CZE"]
[SourceTitle "CBM 201 Extra"]
[Source "ChessBase"]
[SourceDate "2021.05.31"]
[SourceVersion "1"]
[SourceVersionDate "2021.05.31"]
[SourceQuality "1"]

1. e4 c6 2. d4 d5 3. Nc3 dxe4 4. Bc4 Bf5 5. f3 exf3 6. Nxf3 e6 7. 0-0 Nd7 8. Ng5 Be7 9. Rxf5 Nh6 10. Nxf7 Nxf7 11. Bxe6 0-0 12. Qf3 Nf6 13. Be3 Qd6 14. Bb3 Kh8 15. Rf1 Qd8 16. Bxf7 Rxf7 17. Ne4 Qd6 18. Nxd6 Bxd6 19. Bg5 Raf8 20. Bxf6 Rxf6 21. Rxf6 Rxf6 22. Qe2 Rxf1+ 23. Qxf1 h6 24. Qf7 c5 25. Qxb7 cxd4 26. Qd5 Be7 27. Qxd4 Bf6 28. Qxf6 gxf6 29. Kf2 Kg7 30. Kf3 Kg6 31. Kf4 a6 32. c4 f5 33. c5 Kf6 34. c6 Ke6 35. c7 Kd7 36. Kxf5 Kxc7 37. Kg6 Kd7 38. Kxh6 Ke6 39. g4 Kf6 40. g5+ Kf7 41. Kh7 Kf8 42. g6 Ke7 43. g7 Ke6 44. g8Q+ Ke5 45. Qf7 Ke4 46. Qc4+ Ke3 47. Kg6 Kf3 48. Qd4 Ke2 49. h4 Kf1 50. Qd2 Kg1 51. Kf5 Kf1 52. Kf4 Kg1 53. Kg3 Kf1 54. Qf2# 1-0

[Event "CZE-ch Betsys Online Blitz"]
[Site "Chess.com INT"]
[Date "2021.04.17"]
[Round "6"]
[White "Rousek, Jan"]
[Black "Paulus, Vaclav"]
[Result "1-0"]
[WhiteElo "1697"]
[BlackElo "2060"]
[PlyCount "139"]
[EventDate "2021.04.17"]
[EventType "swiss (blitz)"]
[EventRounds "13"]
[EventCountry "CZE"]
[SourceTitle "CBM 201 Extra"]
[Source "ChessBase"]
[SourceDate "2021.05.31"]
[SourceVersion "1"]
[SourceVersionDate "2021.05.31"]
[SourceQuality "1"]

1. d4 Nf6 2. c4 c5 3. d5 b5 4. cxb5 a6 5. e3 g6 6. bxa6 Bxa6 7. Bxa6 Qa5+ 8. Nc3 Qxa6 9. Nge2 Bg7 10. 0-0 d6 11. b3 0-0 12. Bb2 Nbd7 13. Qc2 Rfb8 14. Rfb1 h5 15. Ng3 Ng4 16. Nce4 Nge5 17. f4 Ng4 18. Bxg7 Kxg7 19. h3 Ngf6 20. Nxf6 Nxf6 21. e4 h4 22. Nf1 Nd7 23. Ne3 f6 24. Nc4 Nb6 25. Nxb6 Rxb6 26. Qc3 Rb4 27. e5 Rxf4 28. exf6+ Rxf6 29. Rf1 Raf8 30. Rxf6 Rxf6 31. a3 Qe2 32. Rc1 Qf2+ 33. Kh1 Kh7 34. Qc2 Rf5 35. Qxf2 Rxf2 36. Rc4 Ra2 37. Rxh4+ Kg7 38. b4 Rxa3 39. bxc5 dxc5 40. Rc4 Ra5 41. Rd4 Kf6 42. Re4 Ra6 43. Rc4 Ra5 44. Re4 c4 45. Re6+ Kf7 46. Rc6 Rxd5 47. Rxc4 e5 48. Kh2 Kf6 49. Rc6+ Kf5 50. Rc3 e4 51. Kg3 Ke5 52. Kf2 Kd4 53. Rc2 Kd3 54. Rc1 e3+ 55. Ke1 Rg5 56. Rd1+ Ke4 57. Kf1 Ra5 58. Re1 Ra2 59. Kg1 Kd3 60. Kf1 e2+ 61. Kf2 Rd2 62. Kf3 g5 63. g3 Ra2 64. h4 gxh4 65. gxh4 Ra6 66. Kf2 Rf6+ 67. Kg3 Kd2 68. Rxe2+ Kxe2 69. Kg4 Ke3 70. Kg5 1-0

[Event "CZE-ch Betsys Online Blitz"]
[Site "Chess.com INT"]
[Date "2021.04.17"]
[Round "12"]
[White "Soucek, Petr"]
[Black "Rousek, Jan"]
[Result "1/2-1/2"]
[WhiteElo "1954"]
[BlackElo "1697"]
[PlyCount "101"]
[EventDate "2021.04.17"]
[EventType "swiss (blitz)"]
[EventRounds "13"]
[EventCountry "CZE"]
[SourceTitle "CBM 201 Extra"]
[Source "ChessBase"]
[SourceDate "2021.05.31"]
[SourceVersion "1"]
[SourceVersionDate "2021.05.31"]
[SourceQuality "1"]

1. d4 d5 2. Bf4 Nc6 3. e3 Nf6 4. c4 e6 5. Nc3 Bd6 6. Bxd6 cxd6 7. cxd5 Nxd5 8. Nxd5 exd5 9. Nf3 Be6 10. Bd3 h6 11. 0-0 0-0 12. h3 a6 13. Rc1 Rc8 14. Qb3 Na5 15. Qb4 Rb8 16. b3 Nc6 17. Qa4 Qa5 18. Qxa5 Nxa5 19. Rc2 Rfc8 20. Rfc1 Rxc2 21. Rxc2 Nc6 22. a3 Na5 23. Rc3 Rc8 24. Rxc8+ Bxc8 25. Bc2 Nc6 26. Kf1 b6 27. Ng1 a5 28. Ne2 Ba6 29. Ke1 Bxe2 30. Kxe2 Kf8 31. Kd3 Ke7 32. Bd1 f6 33. f4 g5 34. f5 Kd7 35. Bf3 Ne7 36. g4 Kc6 37. Kc3 b5 38. Bg2 Kb6 39. Bf1 Kc6 40. Bd3 Kb6 41. Bf1 Kc6 42. Bg2 Kb6 43. Bf3 Kc6 44. e4 dxe4 45. Bxe4+ d5 46. Bd3 Kb6 47. Bf1 Kc6 48. Bg2 Kb6 49. Bf1 Kc6 50. Bg2 Kb6 51. Bf1 1/2-1/2

[Event "Ricany op"]
[Site "Ricany"]
[Date "2020.08.29"]
[Round "9"]
[White "Rousek, Jan"]
[Black "Chmelik, Ladislav"]
[Result "1-0"]
[WhiteElo "1665"]
[BlackElo "1774"]
[PlyCount "39"]
[EventDate "2020.08.22"]
[EventType "swiss"]
[EventRounds "9"]
[EventCountry "CZE"]
[SourceTitle "CBM 198 Extra"]
[Source "ChessBase"]
[SourceDate "2020.11.30"]
[SourceVersion "1"]
[SourceVersionDate "2020.11.30"]
[SourceQuality "1"]

1. d4 d5 2. Nf3 Nf6 3. g3 e6 4. Bg2 c5 5. 0-0 Bd6 6. dxc5 Bxc5 7. c4 0-0 8. Nc3 dxc4 9. Qxd8 Rxd8 10. Ne5 Nd5 11. Rd1 Nd7 12. Nxd5 exd5 13. Rxd5 c3 14. Bh3 b6 15. bxc3 a5 16. Bxd7 f6 17. Bxc8 Rxd5 18. Be6+ Kf8 19. Bxd5 Rd8 20. Nd3 1-0

[Event "Ricany op"]
[Site "Ricany"]
[Date "2020.08.28"]
[Round "8"]
[White "Rousek, Jan"]
[Black "Feierfeil, Jiri"]
[Result "1-0"]
[WhiteElo "1665"]
[BlackElo "1719"]
[PlyCount "139"]
[EventDate "2020.08.22"]
[EventType "swiss"]
[EventRounds "9"]
[EventCountry "CZE"]
[SourceTitle "CBM 198 Extra"]
[Source "ChessBase"]
[SourceDate "2020.11.30"]
[SourceVersion "1"]
[SourceVersionDate "2020.11.30"]
[SourceQuality "1"]

1. d4 Nf6 2. c4 g6 3. g3 c6 4. Bg2 d5 5. cxd5 cxd5 6. Nc3 Bg7 7. Bg5 e6 8. e4 dxe4 9. Nxe4 0-0 10. Nxf6+ Bxf6 11. Bxf6 Qxf6 12. Ne2 Nd7 13. 0-0 Nb6 14. Rc1 Rd8 15. Qb3 Rb8 16. a4 Nd5 17. Nc3 Nxc3 18. bxc3 b6 19. Rfe1 Bb7 20. Re5 Bxg2 21. Kxg2 a6 22. Qc4 a5 23. Qb3 Qe7 24. Rb5 Qb7+ 25. f3 Rd5 26. Rb1 Rd6 27. Rxa5 Qc8 28. Rb5 Ra8 29. Ra1 Kg7 30. Rb4 Qd8 31. Rb1 Ra6 32. Qc4 Ra8 33. Qe2 Ra5 34. Qe4 Rad5 35. Rb5 Qc7 36. Rxd5 Rxd5 37. Qd3 Ra5 38. Rb4 Qd6 39. Qb1 Qc6 40. Qb3 Ra6 41. Qc4 Qa8 42. Qb5 Ra5 43. Qxb6 Rxa4 44. Rxa4 Qxa4 45. Qb2 Qc4 46. Qc2 h5 47. h4 f6 48. Qd2 Kh7 49. Kf2 Kg7 50. Ke3 Qf1 51. f4 f5 52. Qe2 Qg1+ 53. Kd3 Qb1+ 54. Kc4 Qb7 55. Qe3 Qd5+ 56. Kb4 Qb7+ 57. Ka3 Qa8+ 58. Kb2 Qg2+ 59. Kb3 Qb7+ 60. Kc2 Qg2+ 61. Kb3 Qb7+ 62. Kc2 Qg2+ 63. Kd3 Qf1+ 64. Qe2 Qb1+ 65. Kc4 Qb7 66. Qxe6 Qa8 67. Qe7+ Kg8 68. Qe6+ Kg7 69. Qe5+ Kg8 70. Qd5+ 1-0

[Event "Ricany op"]
[Site "Ricany"]
[Date "2020.08.25"]
[Round "5"]
[White "Kalvach, Ladislav"]
[Black "Rousek, Jan"]
[Result "1-0"]
[WhiteElo "1761"]
[BlackElo "1665"]
[PlyCount "81"]
[EventDate "2020.08.22"]
[EventType "swiss"]
[EventRounds "9"]
[EventCountry "CZE"]
[SourceTitle "CBM 198 Extra"]
[Source "ChessBase"]
[SourceDate "2020.11.30"]
[SourceVersion "1"]
[SourceVersionDate "2020.11.30"]
[SourceQuality "1"]

1. c4 e5 2. e3 Nf6 3. Nc3 d5 4. cxd5 Nxd5 5. Nf3 Nc6 6. Bb5 Nxc3 7. bxc3 Bd6 8. d4 exd4 9. cxd4 0-0 10. 0-0 Bg4 11. h3 Bh5 12. Rb1 Qf6 13. Be2 b6 14. Qa4 Bg6 15. Rb2 a5 16. a3 Ne7 17. Nd2 c5 18. Bf3 Rab8 19. Be4 cxd4 20. exd4 Nf5 21. Nb3 Nxd4 22. Bxg6 Ne2+ 23. Rxe2 fxg6 24. Qc4+ Kh8 25. Re6 Qd8 26. Nd4 Rc8 27. Qe2 Bc5 28. Nf3 Rc7 29. Bb2 Qc8 30. Re1 Rcf7 31. Qe4 Qd7 32. Bd4 Bxd4 33. Qxd4 Qxd4 34. Nxd4 Rxf2 35. Rxb6 Ra2 36. Ne6 Rc8 37. Nc7 Rxa3 38. Re8+ Rxe8 39. Nxe8 Ra1+ 40. Kh2 a4 41. Rb8 1-0

[Event "Ricany op"]
[Site "Ricany"]
[Date "2020.08.24"]
[Round "4"]
[White "Rousek, Jan"]
[Black "Sargsjan, Karen"]
[Result "0-1"]
[WhiteElo "1665"]
[BlackElo "1921"]
[PlyCount "108"]
[EventDate "2020.08.22"]
[EventType "swiss"]
[EventRounds "9"]
[EventCountry "CZE"]
[SourceTitle "CBM 198 Extra"]
[Source "ChessBase"]
[SourceDate "2020.11.30"]
[SourceVersion "1"]
[SourceVersionDate "2020.11.30"]
[SourceQuality "1"]

1. d4 e6 2. Nf3 Nf6 3. g3 c5 4. Bg2 Nc6 5. 0-0 Be7 6. dxc5 Bxc5 7. c4 0-0 8. Nc3 h6 9. Bf4 a6 10. e3 d5 11. cxd5 exd5 12. Ne5 Re8 13. Nxc6 bxc6 14. e4 d4 15. Na4 Ba7 16. Re1 Bg4 17. Qd3 Qa5 18. b3 Rac8 19. Nb2 Qb5 20. Nc4 Nh5 21. Qd2 Rcd8 22. Nd6 Qb6 23. Nxe8 Rxe8 24. Bd6 Nf6 25. Rac1 Qb5 26. Qb4 d3 27. Qxb5 cxb5 28. Bf4 Be2 29. e5 Ng4 30. Bf1 Bxf2+ 31. Kg2 Bxe1 32. Rxe1 Bxf1+ 33. Rxf1 g5 34. Bd2 Rxe5 35. Re1 Rxe1 36. Bxe1 Kg7 37. h3 Ne5 38. Kf2 Kg6 39. Bc3 Kf5 40. Ke3 f6 41. g4+ Ke6 42. Ke4 Ng6 43. Kxd3 Nf4+ 44. Ke4 Nxh3 45. Bb4 Nf2+ 46. Kf3 Nd3 47. Bf8 Nc1 48. Bxh6 Nxa2 49. Bf8 a5 50. Ke3 Nc1 51. b4 a4 52. Kd2 Nb3+ 53. Kd3 a3 54. Kc3 a2 0-1

[Event "Ricany op"]
[Site "Ricany"]
[Date "2020.08.23"]
[Round "2"]
[White "Rousek, Jan"]
[Black "Koper, Stefan"]
[Result "1/2-1/2"]
[WhiteElo "1665"]
[BlackElo "1871"]
[PlyCount "29"]
[EventDate "2020.08.22"]
[EventType "swiss"]
[EventRounds "9"]
[EventCountry "CZE"]
[SourceTitle "CBM 198 Extra"]
[Source "ChessBase"]
[SourceDate "2020.11.30"]
[SourceVersion "1"]
[SourceVersionDate "2020.11.30"]
[SourceQuality "1"]

1. d4 e6 2. Nf3 Nf6 3. g3 d5 4. Bg2 b5 5. 0-0 Nbd7 6. b3 Rb8 7. Nbd2 Nb6 8. Ne5 Bb7 9. c4 c6 10. c5 Nbd7 11. Ndf3 g5 12. a3 Ra8 13. Bd2 g4 14. b4 Be7 15. Qc2 1/2-1/2

[Event "EU-ch U12 26th"]
[Site "Prague"]
[Date "2016.08.25"]
[Round "7"]
[White "Jordanov, Mihail"]
[Black "Rousek, Jan"]
[Result "1-0"]
[WhiteElo "1758"]
[BlackElo "1521"]
[PlyCount "95"]
[EventDate "2016.08.18"]
[EventType "swiss"]
[EventRounds "9"]
[EventCountry "CZE"]
[SourceTitle "CBM 174 Extra"]
[Source "ChessBase"]
[SourceDate "2016.10.10"]
[SourceVersion "1"]
[SourceVersionDate "2016.10.10"]
[SourceQuality "1"]

1. e4 c5 2. Nc3 e6 3. g3 d5 4. exd5 exd5 5. d4 cxd4 6. Qxd4 Nf6 7. Bg5 Nc6 8. Bb5 Bd7 9. Qe3+ Ne7 10. Bxf6 gxf6 11. Nxd5 Bg7 12. Bxd7+ Qxd7 13. 0-0-0 Kf8 14. Qxe7+ Qxe7 15. Nxe7 Kxe7 16. Nf3 Rhd8 17. Nd4 Kf8 18. Nf5 Kg8 19. f4 Bf8 20. Rxd8 Rxd8 21. Rd1 Rxd1+ 22. Kxd1 Bc5 23. Ke2 Kf8 24. Kf3 h5 25. Ke4 a5 26. Kd5 b6 27. Kc6 Kg8 28. h3 Kh7 29. g4 hxg4 30. hxg4 Kg6 31. a3 Kh7 32. c4 Kg8 33. b4 axb4 34. axb4 Bxb4 35. Kxb6 Kf8 36. c5 Bd2 37. c6 Bxf4 38. c7 Bxc7+ 39. Kxc7 Kg8 40. Kd6 Kh7 41. Kd5 Kg6 42. Ke4 Kg5 43. Kf3 Kg6 44. Kf4 Kh7 45. Ne7 Kg7 46. Kf5 Kf8 47. Kxf6 Ke8 48. Nf5 1-0

[Event "EU-ch U12 26th"]
[Site "Prague"]
[Date "2016.08.19"]
[Round "2"]
[White "Rousek, Jan"]
[Black "Pribyl, Viktor"]
[Result "0-1"]
[WhiteElo "1521"]
[BlackElo "1742"]
[PlyCount "56"]
[EventDate "2016.08.18"]
[EventType "swiss"]
[EventRounds "9"]
[EventCountry "CZE"]
[SourceTitle "CBM 174 Extra"]
[Source "ChessBase"]
[SourceDate "2016.10.10"]
[SourceVersion "1"]
[SourceVersionDate "2016.10.10"]
[SourceQuality "1"]

1. e4 c5 2. Nf3 d6 3. d4 cxd4 4. Nxd4 Nf6 5. Nc3 a6 6. Bc4 e6 7. Bb3 b5 8. 0-0 Be7 9. Qf3 Qc7 10. Qg3 0-0 11. Bh6 Ne8 12. Rfe1 Kh8 13. Bg5 Bxg5 14. Qxg5 h6 15. Qh4 Nf6 16. Re3 Re8 17. Rf3 Nbd7 18. Re1 Bb7 19. Ree3 Kh7 20. g4 b4 21. Nce2 Ne5 22. Rg3 Nxe4 23. Rxe4 Bxe4 24. g5 Qb7 25. gxh6 gxh6 26. Nf4 Qe7 27. Qh3 d5 28. Nh5 Rg8 0-1

[Event "EU Union-ch U10"]
[Site "Kouty nad Desnou"]
[Date "2015.08.25"]
[Round "7"]
[White "Rousek, Jan"]
[Black "Bauer, Jan"]
[Result "1-0"]
[WhiteElo "1603"]
[BlackElo "1360"]
[PlyCount "51"]
[EventDate "2015.08.19"]
[EventType "swiss"]
[EventRounds "9"]
[EventCountry "CZE"]
[SourceTitle "EXT 2016"]
[Source "ChessBase"]
[SourceDate "2015.10.08"]
[SourceVersion "1"]
[SourceVersionDate "2015.10.08"]
[SourceQuality "1"]

1. d4 d5 2. Nf3 Bf5 3. g3 Nf6 4. c4 e6 5. Qb3 Qc8 6. Nc3 c6 7. Bf4 Be7 8. Rc1 0-0 9. Bg2 Nbd7 10. Ne5 Nb6 11. 0-0 Nfd7 12. cxd5 Nxe5 13. Bxe5 exd5 14. Nxd5 Nxd5 15. Bxd5 Qd7 16. Bg2 Be6 17. d5 Bxd5 18. Bxd5 cxd5 19. Rc7 Qe6 20. Bc3 b6 21. Qa4 a6 22. Rc6 Qd7 23. Be5 Bc5 24. Rg6 Qe8 25. Rxg7+ Kh8 26. Rg8+ 1-0